Statistics for South American Football Cities Map

Click here to take the quiz!

General Stats

  • This quiz has been taken 32 times
    (2 since last reset)
  • The average score is 4 of 18

Answer Stats

Answer % Correct
Flamengo
100%
América
50%
Newell's Old Boys
50%
Boca Juniors
50%
Nacional
50%
Grêmio
50%
Palmeiras
50%
Atlético Nacional
0%
Colo-Colo
0%
Cruzeiro
0%
Santa Fe
0%
Cerro Porteño
0%
Bolívar
0%
Cienciano
0%
Deportivo Municipal
0%
Emelec
0%
LDU
0%
Everton
0%

Score Distribution

Percentile by Number Answered

Percent of People with Each Score

Your Score History

You have not taken this quiz since the last reset